| 000 | 01003nam a22002657a 4500 | ||
|---|---|---|---|
| 005 | 20240530110400.0 | ||
| 008 | 150119s2010 ua g 000 0 ara d | ||
| 017 |
_a2009/22492 _bمصر . دار الكتب المصرية |
||
| 020 | _a9789774950209 | ||
| 040 | _aEG-CaGPL | ||
| 041 | 0 | _aara | |
| 082 | 0 | 4 |
_221 _a953.0731\ _bم ح |
| 100 | 0 | _aمديحة الشرقاوى | |
| 245 | 1 | 0 |
_aالحمدانيون : _bتاريخهم فى الموصل و حلب / _cتاليف مديحة الشرقاوى |
| 250 | _aط 1 | ||
| 260 |
_aالقاهرة : _bدار العالم العربى ، _c2010 |
||
| 300 |
_a278 ص ؛ _c24 سم |
||
| 490 | 0 | _aصفحات جديدة من التاريخ الاسلامى | |
| 651 | 0 | 4 | _aالحمدانيون |
| 651 | 0 | 4 |
_aالحمدانيون _xالاحوال السياسية |
| 651 | 0 | 4 |
_aالحمدانيون _xتاريخ _zالموصل |
| 651 | 0 | 4 |
_aالحمدانيون _xتاريخ _zحلب |
| 942 |
_2ddc _cBK |
||
| 999 |
_c60238 _d60238 |
||